MARC

LEADER 00000nam0a2200000 4500
001 51528
005 20231031035942.0
035 |a (RuTPU)RU\TPU\book\53951 
090 |a 51528 
100 |a 20030505d1987 k y0rusy50 ca 
101 0 |a rus 
102 |a RU 
105 |a a z 001zy 
200 1 |a Повышение маневренности и эффективности использования тепловых электростанций  |f А. А. Мадоян  |f А. А. Мадоян 
210 |a Москва  |c Энергоатомиздат  |d 1987 
215 |a 102 с.  |c ил. 
225 1 |a Библиотека теплотехника 
320 |a Библиогр.: с. 101-102. 
610 1 |a теплоэнергетика 
610 1 |a тепловые электрические станции 
610 1 |a использование 
610 1 |a эффективность 
610 1 |a маневренность 
610 1 |a режимы работы 
610 1 |a оптимизация 
610 1 |a электрооборудование 
610 1 |a технико-экономические показатели 
675 |a 621.311.22.004  |v 3 
675 |a 621.311.15  |v 3 
700 1 |a Мадоян  |b А. А.  |g Ашот Арменович 
801 1 |a RU  |b 63413507  |c 20030505  |g PSBO 
801 2 |a RU  |b 63413507  |c 20150224  |g PSBO 
942 |c BK